00442nam a2200157Ia 450000500170000000800410001708200130005810000130007124500270008426000290011130000130014065000110015394200060016495200990017099900150026920250323120434.0240331s9999 xx 000 0 und d bMoha894 aMohan, C 0aNadai vazhik kuripuhal aKumbakonambAkaramc2000 a120 p ., aEssays cL 001040708LaWERCLbWERCLcSSCd2024-03-31l0o 894.811 Mohp1983r2024-03-31w2024-03-31yL c4070d4070